FIFA World Cup Champions Best Scorer - Statistics

General Stats
  • This quiz has been taken 758 times
    598 since last reset
  • The average score is 14 of 25
Answer Stats
WC Country Scorer Gls % Correct
2018 France Kylian Mbappé 4
100%
2022 Argentina Lionel Messi 7
100%
2014 Germany Thomas Müller 5
96%
1974 West Germany Gerd Müller 4
95%
2002 Brazil Ronaldo 8
94%
2018 France Antoine Griezmann 4
88%
2010 Spain David Villa 5
87%
1986 Argentina Diego Maradona 5
87%
1958 Brazil Pelé 6
86%
1998 France Thierry Henry 3
70%
1994 Brazil Romário 5
63%
1962 Brazil Garrincha 4
56%
1982 Italy Paolo Rossi 6
54%
1978 Argentina Mario Kempes 6
45%
2006 Italy Luca Toni 2
43%
1990 West Germany Lothar Matthäus 4
41%
1970 Brazil Jairzinho 7
39%
2006 Italy Marco Materazzi 2
39%
1966 England Geoffrey Hurst 4
29%
1962 Brazil Vavá 4
24%
1938 Italy Silvio Piola 5
11%
1954 West Germany Max Morlock 6
7%
1934 Italy Angelo Schiavio 4
5%
1950 Uruguay Oscar Míguez 5
5%
1930 Uruguay Pedro Cea 5
4%
No matching quizzes found
Score Distribution
Percent of People with Each Score
Percentile by Number Answered
Your Score History
You have not taken this quiz since the last reset